[Event "Open Sicilian Mini-Tournament"]
[Site "SchemingMind.com"]
[Date "2007.01.25"]
[Round "-"]
[White "tacticrules"]
[Black "rabbit"]
[Result "0-1"]
[WhiteCountry "GER"]
[BlackCountry "USA"]
[WhiteElo "1554"]
[WhiteRD "51"]
[BlackElo "1974"]
[BlackRD "79"]
[GameID "88590"]

1. e4 c5 2. Nc3 Nc6 3. g3 g6 4. Bg2 Bg7 5. d3 d6 6. Nf3 Nf6 7. O-O O-O 8. h3 Rb8 9. a4 a6 10. Be3 b5
11. axb5 axb5 12. Qd2 b4 13. Ne2 Bb7 14. Bh6 e5 15. c3 Qb6 16. Bxg7 Kxg7 17. Rac1 h6 18. Ne1 bxc3 19. bxc3 Rfe8 20. f4 c4+
21. Kh1 Na5 22. d4 Nb3
0-1

[Event "Open Sicilian Mini-Tournament"]
[Site "SchemingMind.com"]
[Date "2007.01.26"]
[Round "-"]
[White "rabbit"]
[Black "tacticrules"]
[Result "1-0"]
[WhiteCountry "USA"]
[BlackCountry "GER"]
[WhiteElo "2031"]
[WhiteRD "74"]
[BlackElo "1577"]
[BlackRD "50"]
[GameID "88591"]

1. e4 c5 2. Nc3 g6 3. d4 cxd4 4. Qxd4 Nf6 5. Nf3 Nc6 6. Qd1 d6 7. Bc4 Bg7 8. O-O O-O 9. a3 Bd7 10. Bf4 Rc8
11. Qd3 Qb6 12. b4 Bg4 13. Rab1 Bxf3 14. Qxf3 Ne5 15. Bxe5 dxe5 16. Bb3 Rfd8 17. Rbd1 Rxd1 18. Rxd1 Qc6 19. Nd5 Nxd5 20. Bxd5 Qxc2
21. Bb3 Qc7 22. Bxf7+ Kh8 23. Bb3 Rf8 24. Qe3 b6 25. b5 Rd8 26. Rxd8+ Qxd8 27. Qc3 h6 28. g3 Qd7 29. Qc6 Qd8 30. Qxg6 Qf8
31. Qc6 Qd8 32. Qb7 Qd3 33. Qc8+ Kh7 34. Bg8+
1-0

[Event "Open Sicilian Mini-Tournament"]
[Site "SchemingMind.com"]
[Date "2007.01.25"]
[Round "-"]
[White "sabicas"]
[Black "rabbit"]
[Result "0-1"]
[WhiteCountry "ROU"]
[BlackCountry "USA"]
[WhiteElo "1442"]
[WhiteRD "106"]
[BlackElo "1974"]
[BlackRD "79"]
[GameID "88606"]

1. e4 c5 2. Nf3 e6 3. d4 cxd4 4. Nxd4 Nc6 5. Be2 d5 6. exd5 Nxd4 7. Qxd4 Qxd5 8. Qxd5 exd5 9. Be3 Bb4+ 10. c3 Bd6
11. Nd2 Nf6 12. f3 O-O 13. g3 Re8 14. Kf2 Bd7 15. Rhe1 Rxe3 16. Kxe3 Bc5+ 17. Kd3 Bf5+ 18. Ne4 dxe4+ 19. fxe4 Nxe4 20. g4 Bg6
21. Kc4 Rc8 22. Kb3 Nd2+
0-1

[Event "Open Sicilian Mini-Tournament"]
[Site "SchemingMind.com"]
[Date "2007.01.26"]
[Round "-"]
[White "sabicas"]
[Black "tacticrules"]
[Result "1-0"]
[WhiteCountry "ROU"]
[BlackCountry "GER"]
[WhiteElo "1614"]
[WhiteRD "95"]
[BlackElo "1577"]
[BlackRD "50"]
[GameID "88607"]

1. e4 c5 2. Nf3 g6 3. d4 cxd4 4. Nxd4 Nc6 5. Bc4 Nf6 6. Nc3 Bg7 7. Be3 O-O 8. Qd2 Ng4 9. Nxc6 dxc6 10. Qxd8 Rxd8
11. Bc5 e5 12. Ke2 Nf6 13. f3 Be6 14. Bxe6 fxe6 15. Rhd1 b6 16. Be7 Re8 17. Bxf6 Bxf6 18. Rd7 a5 19. Rad1 Kf8 20. Rxh7 Kg8
21. Rdd7 Rad8 22. Rxd8 Rxd8 23. Rc7 Rd6 24. Nd1 b5 25. Ne3 c5 26. Rxc5 Rb6 27. Ng4
1-0

[Event "Open Sicilian Mini-Tournament"]
[Site "SchemingMind.com"]
[Date "2007.01.26"]
[Round "-"]
[White "rabbit"]
[Black "sabicas"]
[Result "1-0"]
[WhiteCountry "USA"]
[BlackCountry "ROU"]
[WhiteElo "1974"]
[WhiteRD "79"]
[BlackElo "1442"]
[BlackRD "106"]
[GameID "88608"]

1. e4 c5 2. c3 Nc6 3. d4 cxd4 4. cxd4 d5 5. exd5 Qxd5 6. Nf3 Bg4 7. Nc3 Qh5 8. Be2 e6 9. O-O Nf6 10. h3 O-O-O
11. hxg4 Nxg4 12. Bf4 Bd6 13. Qc1 g5 14. Bxd6 Rxd6 15. Nb5 Rhd8 16. Nxd6+
1-0

[Event "Open Sicilian Mini-Tournament"]
[Site "SchemingMind.com"]
[Date "2007.01.26"]
[Round "-"]
[White "tacticrules"]
[Black "sabicas"]
[Result "0-1"]
[WhiteCountry "GER"]
[BlackCountry "ROU"]
[WhiteElo "1577"]
[WhiteRD "50"]
[BlackElo "1614"]
[BlackRD "95"]
[GameID "88609"]

1. e4 c5 2. Nc3 d6 3. g3 Nc6 4. Bg2 Nf6 5. Nf3 g6 6. O-O Bg7 7. d3 O-O 8. h3 Bd7 9. Be3 Qc8 10. Qd2 Bxh3
11. Bh6 Bg4 12. Bxg7 Kxg7 13. Qg5 h6 14. Qf4 e5 15. Qe3 Nd4 16. Nxd4 cxd4 17. Qd2 dxc3 18. Qxc3 Qxc3 19. bxc3 Rac8 20. c4 b5
21. cxb5 Rxc2 22. a4 Be2 23. Rfe1 Bxd3
0-1

[Event "Open Sicilian Mini-Tournament"]
[Site "SchemingMind.com"]
[Date "2007.01.25"]
[Round "-"]
[White "bigfoot1"]
[Black "rabbit"]
[Result "0-1"]
[WhiteCountry "FRA"]
[BlackCountry "USA"]
[WhiteElo "1614"]
[WhiteRD "79"]
[BlackElo "2031"]
[BlackRD "74"]
[GameID "88623"]

1. e4 c5 2. Nf3 Nc6 3. d4 cxd4 4. Nxd4 e5 5. Nb5 d6 6. N1c3 a6 7. Na3 Nf6 8. Nc4 b5 9. Ne3 b4 10. Ncd5 Nxe4
11. Qf3 Ng5 12. Nf6+ gxf6 13. Qxc6+ Bd7 14. Qd5 Be7 15. h4 Ne6 16. Nf5 Rc8 17. Bd2 Rxc2 18. Bxa6 Nc7
0-1

[Event "Open Sicilian Mini-Tournament"]
[Site "SchemingMind.com"]
[Date "2007.01.26"]
[Round "-"]
[White "bigfoot1"]
[Black "tacticrules"]
[Result "0-1"]
[WhiteCountry "FRA"]
[BlackCountry "GER"]
[WhiteElo "1614"]
[WhiteRD "79"]
[BlackElo "1577"]
[BlackRD "50"]
[GameID "88624"]

1. e4 c5 2. Nf3 g6 3. c3 Bg7 4. Bc4 e6 5. O-O Nc6 6. d4 cxd4 7. cxd4 d5 8. exd5 exd5 9. Bb5 Bd7 10. Re1+ Nge7
11. Nc3 O-O 12. Bf4 a6 13. Ba4 b5 14. Bb3 Re8 15. Qd2 b4
0-1

[Event "Open Sicilian Mini-Tournament"]
[Site "SchemingMind.com"]
[Date "2007.01.26"]
[Round "-"]
[White "bigfoot1"]
[Black "sabicas"]
[Result "0-1"]
[WhiteCountry "FRA"]
[BlackCountry "ROU"]
[WhiteElo "1614"]
[WhiteRD "79"]
[BlackElo "1614"]
[BlackRD "95"]
[GameID "88625"]

1. e4 c5 2. Nf3 Nc6 3. d4 cxd4 4. Nxd4 e5 5. Nb5 d6 6. c4 a6 7. N5c3 Nf6 8. a3 Be6 9. Bd3 Be7 10. O-O O-O
11. h3 Nd4 12. Nd2 Rc8 13. Ne2 Nxe2+ 14. Qxe2 Qc7 15. b3 Ne8
0-1

[Event "Open Sicilian Mini-Tournament"]
[Site "SchemingMind.com"]
[Date "2007.01.26"]
[Round "-"]
[White "rabbit"]
[Black "bigfoot1"]
[Result "1-0"]
[WhiteCountry "USA"]
[BlackCountry "FRA"]
[WhiteElo "2031"]
[WhiteRD "74"]
[BlackElo "1614"]
[BlackRD "79"]
[GameID "88626"]

1. e4 c5 2. Nf3 d6 3. d4 cxd4 4. Nxd4 Nf6 5. Nc3 Nc6 6. Be2 e5 7. Nxc6 bxc6 8. O-O Be7 9. Be3 Bb7 10. f4 exf4
11. Rxf4 O-O 12. e5 dxe5 13. Qxd8 Rfxd8 14. Rf5 h6 15. Rxe5 Bd6 16. Ra5 Bb4 17. Rxa7 Bxc3 18. Rxb7 Be5 19. c3
1-0

[Event "Open Sicilian Mini-Tournament"]
[Site "SchemingMind.com"]
[Date "2007.01.26"]
[Round "-"]
[White "tacticrules"]
[Black "bigfoot1"]
[Result "1-0"]
[WhiteCountry "GER"]
[BlackCountry "FRA"]
[WhiteElo "1577"]
[WhiteRD "50"]
[BlackElo "1614"]
[BlackRD "79"]
[GameID "88627"]

1. e4 c5 2. Nc3 g6 3. g3 Bg7 4. Bg2 Nc6 5. Nf3 e6 6. d3 Nge7 7. O-O O-O 8. Be3 Nd4 9. Qd2 d5 10. exd5 exd5
11. Rfe1 Nxf3+ 12. Bxf3 d4 13. Bxd4 cxd4 14. Ne4 Nc6 15. Bg2 Qb6 16. b3
1-0

[Event "Open Sicilian Mini-Tournament"]
[Site "SchemingMind.com"]
[Date "2007.01.26"]
[Round "-"]
[White "sabicas"]
[Black "bigfoot1"]
[Result "1-0"]
[WhiteCountry "ROU"]
[BlackCountry "FRA"]
[WhiteElo "1614"]
[WhiteRD "95"]
[BlackElo "1614"]
[BlackRD "79"]
[GameID "88628"]

1. e4 c5 2. Nf3 d6 3. d4 cxd4 4. Nxd4 Nf6 5. Nc3 Nc6 6. Be2 e5 7. Nb3 Be7 8. O-O O-O 9. Be3 a6 10. a4 Be6
11. Kh1 Nd7 12. Nd5 Bg5 13. f4 exf4 14. Nxf4 Rc8 15. Nxe6 fxe6 16. Bxg5
1-0

[Event "Open Sicilian Mini-Tournament"]
[Site "SchemingMind.com"]
[Date "2007.01.28"]
[Round "-"]
[White "fishofchaos"]
[Black "rabbit"]
[Result "0-1"]
[WhiteCountry "ENG"]
[BlackCountry "USA"]
[WhiteElo "1699"]
[WhiteRD "57"]
[BlackElo "1974"]
[BlackRD "79"]
[GameID "88958"]

1. e4 c5 2. Nf3 e6 3. d4 cxd4 4. Nxd4 Nc6 5. Nc3 Qc7 6. Be3 a6 7. Bd3 Nf6 8. O-O Bd6 9. h3 O-O 10. Nxc6 dxc6
11. f4 e5 12. f5 b5 13. Qf3 Bd7 14. a3 Rfd8 15. Bg5 Bc5+ 16. Kh1 Bd4 17. Rab1 Qd6 18. Ne2 Bb6 19. Ng3 h6 20. Bxf6 Qxf6
21. Nh5 Qg5 22. b4 c5 23. c3 c4 24. Be2 Bc6 25. Ng3 Rd2 26. Rbd1 Rad8 27. Qg4 Rxd1 28. Qxg5 Rxf1+ 29. Bxf1 hxg5 30. Be2 Bf2
31. Kh2 Be1 32. Bf3 Bxc3
0-1

[Event "Open Sicilian Mini-Tournament"]
[Site "SchemingMind.com"]
[Date "2007.01.27"]
[Round "-"]
[White "fishofchaos"]
[Black "bigfoot1"]
[Result "1-0"]
[WhiteCountry "ENG"]
[BlackCountry "FRA"]
[WhiteElo "1699"]
[WhiteRD "57"]
[BlackElo "1736"]
[BlackRD "89"]
[GameID "88959"]

1. e4 c5 2. Nf3 d6 3. d4 cxd4 4. Nxd4 Nf6 5. Nc3 Nc6 6. Bg5 e6 7. Qd2 a6 8. O-O-O h6 9. Be3 Be7 10. f3 O-O
11. g4 Nxd4 12. Qxd4 Nd7 13. Be2 Nb8 14. h4 Nc6 15. Qd2 Qa5 16. h5 Bf6 17. a3 Rd8 18. g5 Bxc3 19. Qxc3 Qxc3 20. bxc3 d5
21. gxh6
1-0

[Event "Open Sicilian Mini-Tournament"]
[Site "SchemingMind.com"]
[Date "2007.01.29"]
[Round "-"]
[White "fishofchaos"]
[Black "tacticrules"]
[Result "1/2-1/2"]
[WhiteCountry "ENG"]
[BlackCountry "GER"]
[WhiteElo "1699"]
[WhiteRD "57"]
[BlackElo "1554"]
[BlackRD "51"]
[GameID "88960"]

1. e4 c5 2. Nf3 g6 3. d4 cxd4 4. Nxd4 Nc6 5. Nc3 Bg7 6. Be3 Nf6 7. Bc4 O-O 8. Bb3 a5 9. O-O d5 10. exd5 Nxd4
11. Bxd4 a4 12. Nxa4 Nxd5 13. Bxg7 Kxg7 14. Qd4+ Kg8 15. Bxd5 e6 16. Nb6 Ra5 17. Nxc8 Rxd5 18. Qc4 Qxc8 19. Qxc8 Rxc8 20. c3 Rd2
21. Rab1 b5 22. Rfd1 Rcd8 23. Rxd2 Rxd2 24. g3 f5 25. a3 Kf8 26. b3 Rc2 27. a4 bxa4 28. bxa4 Rxc3 29. a5 Ra3 30. Rb5 Ke8
31. Rb7 h5 32. Rg7 Rxa5 33. Rxg6 Kf7 34. Rh6 f4 35. gxf4 Rf5 36. Kg2 e5 37. fxe5 Rxe5 38. f3 Kg7 39. Ra6 Rf5 40. h3 Rd5
41. Kg3 Rc5 42. f4 Rf5 43. Re6 Kf7 44. Re5 Rxe5 45. fxe5 Ke6 46. Kh4 Kxe5 47. Kxh5 Kf6 48. h4 Kg7 49. Kg5 Kh7 50. h5=
1/2-1/2

[Event "Open Sicilian Mini-Tournament"]
[Site "SchemingMind.com"]
[Date "2007.01.29"]
[Round "-"]
[White "fishofchaos"]
[Black "sabicas"]
[Result "1-0"]
[WhiteCountry "ENG"]
[BlackCountry "ROU"]
[WhiteElo "1699"]
[WhiteRD "57"]
[BlackElo "1442"]
[BlackRD "106"]
[GameID "88961"]

1. e4 c5 2. Nf3 d6 3. d4 cxd4 4. Nxd4 Nf6 5. Nc3 a6 6. Be2 e5 7. Nb3 Be6 8. O-O Be7 9. f4 Nbd7 10. Be3 Qc7
11. f5 Bc4 12. Bxc4 Qxc4 13. Nd2 Qc6 14. Qf3 O-O-O 15. Rac1 Kb8 16. a4 Nc5 17. Bxc5 Qxc5+ 18. Kh1 g6 19. Nd5 Nxd5 20. exd5 f6
21. c4 Rc8 22. Ne4 Qc7 23. b4 Qd7 24. a5 gxf5 25. Qxf5 Qxf5 26. Rxf5 Rhf8 27. Rc3 Rf7 28. g4 Rg7 29. h3 Ka7 30. Nxf6
1-0

[Event "Open Sicilian Mini-Tournament"]
[Site "SchemingMind.com"]
[Date "2007.01.28"]
[Round "-"]
[White "rabbit"]
[Black "fishofchaos"]
[Result "1-0"]
[WhiteCountry "USA"]
[BlackCountry "ENG"]
[WhiteElo "1974"]
[WhiteRD "79"]
[BlackElo "1699"]
[BlackRD "57"]
[GameID "88962"]

1. e4 c5 2. Nf3 e6 3. d4 cxd4 4. Nxd4 Nf6 5. Nc3 d6 6. Be3 Be7 7. Be2 O-O 8. O-O Nc6 9. Nxc6 bxc6 10. Qd2 Qc7
11. Rfd1 Bb7 12. a3 Rfd8 13. Bg5 h6 14. Bh4 d5 15. Qe3 a5 16. Bg3 Qd7 17. e5 Ne8 18. Na4 Qc7 19. Bf4 g5 20. Bg3 f5
21. exf6 Bd6 22. Nc5 e5 23. Ne6 Qf7 24. Nxd8 Rxd8 25. Bxe5 Bxe5 26. Qxe5 Nxf6 27. Bd3 Re8 28. Qd6 g4 29. Re1 Kg7 30. Rxe8 Nxe8
31. Qd8
1-0

[Event "Open Sicilian Mini-Tournament"]
[Site "SchemingMind.com"]
[Date "2007.01.27"]
[Round "-"]
[White "bigfoot1"]
[Black "fishofchaos"]
[Result "0-1"]
[WhiteCountry "FRA"]
[BlackCountry "ENG"]
[WhiteElo "1736"]
[WhiteRD "89"]
[BlackElo "1699"]
[BlackRD "57"]
[GameID "88963"]

1. e4 c5 2. Nf3 e6 3. d4 cxd4 4. Nxd4 Nf6 5. Nc3 d6 6. Be3 Nc6 7. Qd2 Be7 8. f3 O-O 9. O-O-O a6 10. g4 Nxd4
11. Bxd4 b5 12. h4 Nd7 13. Kb1 Bb7 14. f4 b4 15. Ne2 Bxe4 16. Rh3 a5 17. Ng3 Bd5 18. Be2 f6 19. Ka1 Nc5
0-1

[Event "Open Sicilian Mini-Tournament"]
[Site "SchemingMind.com"]
[Date "2007.01.29"]
[Round "-"]
[White "tacticrules"]
[Black "fishofchaos"]
[Result "0-1"]
[WhiteCountry "GER"]
[BlackCountry "ENG"]
[WhiteElo "1573"]
[WhiteRD "53"]
[BlackElo "1630"]
[BlackRD "60"]
[GameID "88964"]

1. e4 c5 2. Nc3 Nc6 3. f4 g6 4. Nf3 Bg7 5. Bb5 Nd4 6. O-O a6 7. Bd3 d6 8. Qe1 Nf6 9. Nxd4 cxd4 10. Ne2 Qb6
11. Qh4 e5 12. f5 O-O 13. Ng3 Bd7 14. fxg6 fxg6 15. Be2 d3+ 16. Kh1 dxe2 17. Nxe2 Nxe4 18. Rxf8+ Rxf8 19. h3 Rf1+ 20. Kh2 Nxd2
21. Ng3 Qg1#
0-1

[Event "Open Sicilian Mini-Tournament"]
[Site "SchemingMind.com"]
[Date "2007.01.29"]
[Round "-"]
[White "sabicas"]
[Black "fishofchaos"]
[Result "0-1"]
[WhiteCountry "ROU"]
[BlackCountry "ENG"]
[WhiteElo "1442"]
[WhiteRD "106"]
[BlackElo "1699"]
[BlackRD "57"]
[GameID "88965"]

1. e4 c5 2. Nf3 e6 3. d4 cxd4 4. Nxd4 Nf6 5. Nc3 d6 6. g4 h6 7. Bg2 Nc6 8. Be3 Nxd4 9. Bxd4 e5 10. Be3 Bxg4
11. Qd2 Qa5 12. f3 Bh5 13. O-O Be7 14. Kh1 O-O 15. Rf2 Rfd8 16. a3 Qc7 17. Rc1 a6 18. Ne2 Rac8 19. Ng3 Bg6 20. Bh3 Rb8
21. Nf5 Bxf5 22. Bxf5 d5 23. Rg1 dxe4 24. Bxh6 Rxd2 25. Rxg7+ Kh8 26. Rxd2 Bf8
0-1

[Event "Open Sicilian Mini-Tournament"]
[Site "SchemingMind.com"]
[Date "2007.01.29"]
[Round "-"]
[White "Lovac"]
[Black "rabbit"]
[Result "0-1"]
[WhiteCountry "CRO"]
[BlackCountry "USA"]
[WhiteElo "1289"]
[WhiteRD "108"]
[BlackElo "2031"]
[BlackRD "74"]
[GameID "89187"]

1. e4 c5 2. Nf3 e6 3. c3 d5 4. exd5 Qxd5 5. d4 Nf6 6. Na3 cxd4 7. Nb5 Na6 8. Qxd4 Bd7 9. Qxd5 exd5 10. Nbd4 Bd6
11. Bb5 O-O 12. Bxd7 Nxd7 13. Be3 Rfe8 14. O-O Ne5 15. Nxe5 Bxe5 16. Nf3 Bf6 17. Bd4 Bxd4
0-1

[Event "Open Sicilian Mini-Tournament"]
[Site "SchemingMind.com"]
[Date "2007.01.29"]
[Round "-"]
[White "Lovac"]
[Black "fishofchaos"]
[Result "0-1"]
[WhiteCountry "CRO"]
[BlackCountry "ENG"]
[WhiteElo "1420"]
[WhiteRD "144"]
[BlackElo "1699"]
[BlackRD "57"]
[GameID "89189"]

1. e4 c5 2. Nf3 e6 3. c3 Nf6 4. e5 Nd5 5. d4 cxd4 6. cxd4 d6 7. Bc4 Nc6 8. Qe2 Be7 9. O-O O-O 10. Nc3 Nxc3
11. bxc3 dxe5 12. dxe5 Qa5 13. Qe4 Qxc3 14. Bd2 Qa3 15. Bd3 g6 16. Rfb1 f5 17. exf6 Bxf6 18. Rb3 Qd6 19. Rab1 a6 20. a4 Qd5
21. Qg4 Nd4 22. Bxg6 hxg6 23. Qxg6+ Bg7 24. Nxd4 Qxd4 25. Bc3 Qd7
0-1

[Event "Open Sicilian Mini-Tournament"]
[Site "SchemingMind.com"]
[Date "2007.01.29"]
[Round "-"]
[White "Lovac"]
[Black "tacticrules"]
[Result "0-1"]
[WhiteCountry "CRO"]
[BlackCountry "GER"]
[WhiteElo "1289"]
[WhiteRD "108"]
[BlackElo "1577"]
[BlackRD "50"]
[GameID "89190"]

1. e4 c5 2. Nf3 g6 3. c4 Bg7 4. d4 cxd4 5. Nxd4 Nc6 6. Be3 Nf6 7. Nc3 O-O 8. Be2 d6 9. O-O Bd7 10. Qd2 Rc8
11. f3 Nxd4 12. Bxd4 Bc6 13. Rac1 Qd7 14. b4 a6 15. b5 axb5 16. cxb5 Bxb5
0-1

[Event "Open Sicilian Mini-Tournament"]
[Site "SchemingMind.com"]
[Date "2007.01.29"]
[Round "-"]
[White "Lovac"]
[Black "sabicas"]
[Result "0-1"]
[WhiteCountry "CRO"]
[BlackCountry "ROU"]
[WhiteElo "1289"]
[WhiteRD "108"]
[BlackElo "1614"]
[BlackRD "95"]
[GameID "89191"]

1. e4 c5 2. Nf3 d6 3. Bb5+ Bd7 4. Bxd7+ Qxd7 5. O-O Nc6 6. c3 e6 7. d4 cxd4 8. cxd4 Nf6 9. Nc3 Be7 10. e5 dxe5
11. dxe5 Qxd1 12. Rxd1 Nd7 13. Nb5 Rc8 14. Nd6+ Bxd6 15. exd6 f6 16. Nd4 Nxd4 17. Rxd4 e5 18. Rd1 Rc6 19. Be3 a5 20. Rac1 Kf7
0-1

[Event "Open Sicilian Mini-Tournament"]
[Site "SchemingMind.com"]
[Date "2007.01.29"]
[Round "-"]
[White "rabbit"]
[Black "Lovac"]
[Result "1-0"]
[WhiteCountry "USA"]
[BlackCountry "CRO"]
[WhiteElo "1974"]
[WhiteRD "79"]
[BlackElo "1420"]
[BlackRD "144"]
[GameID "89192"]

1. e4 c5 2. c3 Nf6 3. e5 Nd5 4. d4 cxd4 5. Nf3 Nc6 6. Bc4 Nb6 7. Bb3 d5 8. cxd4 Bg4 9. Be3 e6 10. Nc3 Be7
11. O-O O-O 12. Qe2 Rc8 13. h3 Bh5 14. Rad1
1-0

[Event "Open Sicilian Mini-Tournament"]
[Site "SchemingMind.com"]
[Date "2007.01.29"]
[Round "-"]
[White "fishofchaos"]
[Black "Lovac"]
[Result "1-0"]
[WhiteCountry "ENG"]
[BlackCountry "CRO"]
[WhiteElo "1699"]
[WhiteRD "57"]
[BlackElo "1420"]
[BlackRD "144"]
[GameID "89194"]

1. e4 c5 2. Nf3 d6 3. d4 cxd4 4. Nxd4 Nf6 5. Nc3 Nc6 6. Bg5 e6 7. Qd2 a6 8. O-O-O Bd7 9. f4 b5 10. Bxf6 gxf6
11. Kb1 Qb6 12. Nxc6 Bxc6 13. Qe1 O-O-O 14. Bd3 b4 15. Ne2 d5 16. Ng3 h5 17. h4 a5 18. b3 a4 19. exd5 Rxd5 20. Ne4 Qd4
21. c3 bxc3 22. Qxc3 Qxc3 23. Nxc3 Rc5 24. Nxa4
1-0

[Event "Open Sicilian Mini-Tournament"]
[Site "SchemingMind.com"]
[Date "2007.01.29"]
[Round "-"]
[White "tacticrules"]
[Black "Lovac"]
[Result "1-0"]
[WhiteCountry "GER"]
[BlackCountry "CRO"]
[WhiteElo "1577"]
[WhiteRD "50"]
[BlackElo "1289"]
[BlackRD "108"]
[GameID "89195"]

1. e4 c5 2. Nc3 Nc6 3. f4 g6 4. Nf3 Bg7 5. Bb5 Nd4 6. O-O Nxb5 7. Nxb5 a6 8. Nc3 d6 9. d3 Bxc3 10. bxc3 Bg4
11. h3 Bxf3 12. Rxf3 e6 13. Bb2 Ne7 14. c4 Rg8 15. Qe1 Nc6 16. Qg3 Nd4 17. Bxd4 cxd4 18. f5 e5 19. Raf1 Rf8 20. fxg6 hxg6
21. Qf2 Qc7 22. g4 Rc8 23. h4 b5 24. h5 gxh5 25. gxh5
1-0

[Event "Open Sicilian Mini-Tournament"]
[Site "SchemingMind.com"]
[Date "2007.01.29"]
[Round "-"]
[White "sabicas"]
[Black "Lovac"]
[Result "1-0"]
[WhiteCountry "ROU"]
[BlackCountry "CRO"]
[WhiteElo "1614"]
[WhiteRD "95"]
[BlackElo "1289"]
[BlackRD "108"]
[GameID "89196"]

1. e4 c5 2. Nf3 d6 3. d4 cxd4 4. Nxd4 Nf6 5. Nc3 Nc6 6. Be3 Ng4 7. Bc1 Nf6 8. g3 e6 9. Bg2 Bd7 10. O-O Nxd4
11. Qxd4 Bc6 12. Be3 Be7 13. Rfd1 h5 14. e5 Bxg2 15. Kxg2 Ng4 16. exd6 Nxe3+ 17. fxe3 Bf6 18. Qa4+
1-0

[Event "Open Sicilian Mini-Tournament"]
[Site "SchemingMind.com"]
[Date "2007.01.31"]
[Round "-"]
[White "KaliYuga"]
[Black "rabbit"]
[Result "1/2-1/2"]
[WhiteCountry "IRL"]
[BlackCountry "USA"]
[WhiteElo "1894"]
[WhiteRD "66"]
[BlackElo "2023"]
[BlackRD "71"]
[GameID "89303"]

1. e4 c5 2. Nf3 e6 3. d4 cxd4 4. Nxd4 Nc6 5. Nc3 a6 6. Nxc6 bxc6 7. Bd3 d5 8. O-O Nf6 9. Bg5 Bd6 10. Re1 h6
11. Bxf6 Qxf6 12. exd5 cxd5 13. Nxd5 Qxb2 14. Qg4 Kd8 15. Nf4 Rb8 16. Rad1 Rb6 17. Nh5 g6 18. Ng3 Kc7 19. Qf3 f5 20. Bc4 Qxc2
21. Rc1 Qd2 22. Bxe6+ Kb8 23. Red1 Qa5 24. Bf7 Bb7 25. Qd3 Bc5 26. Ne2 Rc8 27. Qg3+ Ka7 28. Bxg6 Rb2 29. Bh5 Qxa2 30. Qe5 Rc2
31. Re1 Qg8 32. g3 Rxc1 33. Rxc1 Qd5 34. Qxd5 Bxd5 35. Nd4 Bb7 36. Nb3 Bb6 37. Rxc8 Bxc8 38. Nd2 a5 39. Be8 Be6 40. Kf1 Bd8
41. Ba4 Kb6 42. Nb3 Bxb3 43. Bxb3 Kb5 44. Ke2 a4 45. Ba2 Bf6 46. f4 Kc5 47. Kf3 Kd4 48. h3 Kc3 49. g4 Kb2 50. Be6 fxg4+
51. hxg4 a3 52. Ke4 Be7 53. Kf5 Bd6 54. g5=
1/2-1/2

[Event "Open Sicilian Mini-Tournament"]
[Site "SchemingMind.com"]
[Date "2007.02.01"]
[Round "-"]
[White "KaliYuga"]
[Black "bigfoot1"]
[Result "1-0"]
[WhiteCountry "IRL"]
[BlackCountry "FRA"]
[WhiteElo "1925"]
[WhiteRD "70"]
[BlackElo "1614"]
[BlackRD "79"]
[GameID "89304"]

1. e4 c5 2. Nf3 d6 3. d4 cxd4 4. Nxd4 Nf6 5. Nc3 Nc6 6. Be3 e6 7. f3 Be7 8. Qd2 O-O 9. O-O-O Nxd4 10. Bxd4 e5
11. Be3 Be6 12. g4
1-0

[Event "Open Sicilian Mini-Tournament"]
[Site "SchemingMind.com"]
[Date "2007.01.30"]
[Round "-"]
[White "KaliYuga"]
[Black "fishofchaos"]
[Result "1/2-1/2"]
[WhiteCountry "IRL"]
[BlackCountry "ENG"]
[WhiteElo "1925"]
[WhiteRD "70"]
[BlackElo "1681"]
[BlackRD "55"]
[GameID "89305"]

1. e4 c5 2. Nf3 e6 3. d4 cxd4 4. Nxd4 a6 5. Nc3 d6 6. f4 Nf6 7. Bd3 b5 8. Be3 Bb7 9. Qd2 Nbd7 10. O-O-O Be7
11. h3 O-O 12. g4 e5 13. Nf5 b4 14. Nd5 Nxd5 15. exd5 a5 16. Rdf1 Bxd5 17. Nxe7+ Qxe7 18. Bxh7+ Kxh7 19. Qxd5 a4 20. fxe5 Nxe5
21. Rf5 g6 22. Bg5 Qc7 23. Rf6 b3 24. c3 a3 25. Qxb3 axb2+ 26. Kb1 Rfb8 27. Qd5 Qa7 28. Rhf1 Rb7 29. a4 Kg8 30. R1f4 Qg1+
31. Rf1 Qa7 32. R1f4 Qg1+=
1/2-1/2

[Event "Open Sicilian Mini-Tournament"]
[Site "SchemingMind.com"]
[Date "2007.01.30"]
[Round "-"]
[White "KaliYuga"]
[Black "tacticrules"]
[Result "0-1"]
[WhiteCountry "IRL"]
[BlackCountry "GER"]
[WhiteElo "1925"]
[WhiteRD "70"]
[BlackElo "1577"]
[BlackRD "50"]
[GameID "89306"]

1. e4 c5 2. Nf3 Nc6 3. d4 cxd4 4. Nxd4 Nf6 5. Nc3 e5 6. Ndb5 d6 7. Bg5 a6 8. Na3 b5 9. Nd5 Be7 10. Bxf6 gxf6
11. Be2 f5 12. Nxe7 Qxe7 13. Qd5 Bb7 14. Qd2 fxe4 15. c4 bxc4 16. Nxc4 Nd4 17. Bh5 Rg8 18. Bxf7+ Kxf7 19. O-O Nf3+ 20. Kh1 Nxd2
21. Nxd2 Qg5
0-1

[Event "Open Sicilian Mini-Tournament"]
[Site "SchemingMind.com"]
[Date "2007.01.30"]
[Round "-"]
[White "KaliYuga"]
[Black "sabicas"]
[Result "1-0"]
[WhiteCountry "IRL"]
[BlackCountry "ROU"]
[WhiteElo "1894"]
[WhiteRD "66"]
[BlackElo "1711"]
[BlackRD "88"]
[GameID "89307"]

1. e4 c5 2. Nf3 Nc6 3. d4 cxd4 4. Nxd4 e5 5. Nb5 d6 6. c4 Nf6 7. N1c3 a6 8. Na3 Be6 9. Nd5 Bxd5 10. exd5 Nb8
11. Bg5 Be7 12. Bd3 h6 13. Bh4 Nxd5 14. Bxe7 Nxe7 15. O-O Nbc6 16. Qg4 O-O 17. Qe4 f5 18. Qe2 e4 19. Bc2 Ne5 20. Bb3 Kh7
21. Rad1 Qc7 22. Nc2 N7c6 23. Ne3 Nb4 24. Nd5 Nxd5 25. Rxd5 Rae8 26. Ba4 Re6 27. Bb3 Qe7 28. Bc2 Rg6 29. Kh1 Qg5 30. g3 Rgf6
31. c5 Nf7 32. Qc4 dxc5 33. Qxc5 Qg6 34. Qxf8
1-0

[Event "Open Sicilian Mini-Tournament"]
[Site "SchemingMind.com"]
[Date "2007.01.29"]
[Round "-"]
[White "rabbit"]
[Black "KaliYuga"]
[Result "1-0"]
[WhiteCountry "USA"]
[BlackCountry "IRL"]
[WhiteElo "2031"]
[WhiteRD "74"]
[BlackElo "1925"]
[BlackRD "70"]
[GameID "89309"]

1. e4 c5 2. Nf3 d6 3. d4 cxd4 4. Nxd4 Nf6 5. Nc3 g6 6. Be3 Bg7 7. Be2 Nc6 8. O-O O-O 9. Nb3 Be6 10. f4 Rc8
11. f5 Bd7 12. fxg6 fxg6 13. Qd2 Ne5 14. Bxa7 b6 15. Qe3 Rc6 16. Nd4 Rc5 17. Ncb5 Nc4 18. Bxc4+ Rxc4 19. Qb3 d5 20. exd5 Bxb5
21. Nxb5 Qxd5 22. Na3 Rfc8 23. Rad1 Qc5+ 24. Kh1 Qb4 25. Nxc4 Rxc4 26. Qxb4 Rxb4 27. b3 h6 28. c4 Kh7 29. Rb1 Ne4 30. a3 Rxb3
31. Rxb3 Nd2 32. Rff3 Nxf3 33. gxf3
1-0